| 000 | 00485nam a2200157 i 4500 | ||
|---|---|---|---|
| 001 | 79091 | ||
| 003 | ES-MaACL | ||
| 005 | 20230906173910.0 | ||
| 007 | t| | ||
| 008 | 041019s1948 sp ||||1| spa d | ||
| 100 | 1 |
_aHernández Castanedo, Francisco. _962906 |
|
| 245 | 1 | 0 |
_aArgentina, hoy _b: el libro del emigrante / _cF. Hernández Castanedo. |
| 260 |
_aMadrid : _b[s.n., _c1948] ( _fJosé Ruiz Alonso) |
||
| 300 |
_a63 p. : _bil. ; _c21 cm. |
||
| 852 |
_aES-MaACL _j1629-F-13 _bR.26487 |
||
| 999 |
_c79091 _d79091 |
||